| 000 | 00353nam a2200133Ia 4500 | ||
|---|---|---|---|
| 008 | 240624s9999 xx 000 0 und d | ||
| 041 | _aeng | ||
| 082 | _a338.927 NAI | ||
| 100 | _aNAIR CHANDRAN | ||
| 245 | _aSUSTAINABLE STATE THE FUTURE OF GOVERNME | ||
| 260 |
_c2018 _aokland _bBerrett-Koehler Publishers |
||
| 300 | _aix,252P. ; cm. | ||
| 365 |
_c _b33 |
||
| 999 |
_c32788 _d32788 |
||